Loading...
Dateline: charithrathe chirakilettiyavar
| Main Author: | |
|---|---|
| Format: | Printed Book |
| Published: |
Thrissur
Current Books
2010
|
| Subjects: |
| LEADER | 00438nam a22001337a 4500 | ||
|---|---|---|---|
| 020 | |a 9788122608854 | ||
| 082 | |a 080 |b BEE.D | ||
| 100 | |a BEENA K | ||
| 245 | |a Dateline: charithrathe chirakilettiyavar | ||
| 260 | |a Thrissur |b Current Books |c 2010 | ||
| 650 | |a Malayalam Interviews | ||
| 942 | |c BK | ||
| 999 | |c 112 |d 112 | ||
| 952 | |0 0 |1 0 |4 0 |6 080_000000000000000_BEE_D |7 0 |8 NFIC |9 106 |a CAMPUS |b CAMPUS |c GEN |d 2014-11-19 |l 0 |o 080 BEE.D |p 17986 |r 2014-11-19 |w 2014-11-19 |y BK | ||